José Joaquín de Clararrosa y su "Diario Gaditano" (1820-1822) (Record no. 178456)

MARC details
000 -LEADER
campo de control de longitud fija 01401nam a2200337 4500
001 - NÚMERO DE CONTROL
campo de control 178456
003 - IDENTIFICADOR DE NÚMERO DE CONTROL
campo de control ES-MaACL
005 - FECHA Y HORA DE LA ÚLTIMA TRANSACCIÓN
campo de control 20250603164432.0
008 - DATOS DE LONGITUD FIJA--INFORMACIÓN GENERAL
campo de control de longitud fija 110530s2009 sp |||| |bspa d
020 ## - NÚMERO INTERNACIONAL ESTÁNDAR DEL LIBRO
Número Internacional Estándar del Libro 978-84-9828-231-3
080 ## - NÚMERO DE LA CLASIFICACIÓN DECIMAL UNIVERSAL
Número de la Clasificación Decimal Universal 070 Clararrosa, José Joaquín de
080 ## - NÚMERO DE LA CLASIFICACIÓN DECIMAL UNIVERSAL
Número de la Clasificación Decimal Universal (054)(460.355 C.)
080 ## - NÚMERO DE LA CLASIFICACIÓN DECIMAL UNIVERSAL
Número de la Clasificación Decimal Universal 94(460)"1820/23"
080 ## - NÚMERO DE LA CLASIFICACIÓN DECIMAL UNIVERSAL
Número de la Clasificación Decimal Universal 94(460.355 C.)"18"
100 1# - ENTRADA PRINCIPAL--NOMBRE DE PERSONA
Nombre de persona Sánchez Hita, Beatriz.
9 (RLIN) 102700
245 10 - MENCIÓN DEL TÍTULO
Título José Joaquín de Clararrosa y su "Diario Gaditano" (1820-1822)
Resto del título : ilustración, periodismo y revolución en el Trienio Liberal /
Mención de responsabilidad, etc. Beatriz Sánchez Hita.
250 ## - MENCION DE EDICION
Mención de edición 1ª ed.
260 ## - PUBLICACIÓN, DISTRIBUCIÓN, ETC.
Lugar de publicación, distribución, etc. Cádiz :
Nombre del editor, distribuidor, etc. Servicio de Publicaciones de la Universidad de Cádiz,
Fecha de publicación, distribución, etc. 2009.
300 ## - DESCRIPCIÓN FÍSICA
Extensión 504 p. ;
Dimensiones 20 cm.
504 ## - NOTA DE BIBLIOGRAFÍA, ETC.
Nota de bibliografía, etc. Bibliografía: p. 467-504.
586 ## - NOTA DE PREMIOS
Nota de premios VI Premio de Estudios Constitucionales 1812, 2007
600 17 - PUNTO DE ACCESO ADICIONAL DE MATERIA--NOMBRE DE PERSONA
Nombre de persona Clararrosa, José Joaquín de (
Fechas asociadas al nombre 1763-1822)
9 (RLIN) 39002
630 07 - PUNTO DE ACCESO ADICIONAL DE MATERIA--TÍTULO UNIFORME
Título uniforme Diario gaditano de la libertad e independencia nacional, político mercantil, económico y literario.
9 (RLIN) 146817
651 #7 - PUNTO DE ACCESO ADICIONAL DE MATERIA--NOMBRE GEOGRÁFICO
Nombre geográfico España-
Subdivisión general Historia-
Subdivisión cronológica 1820-1823, Trienio constitucional
Fuente del encabezamiento o término
9 (RLIN) 145382
651 #7 - PUNTO DE ACCESO ADICIONAL DE MATERIA--NOMBRE GEOGRÁFICO
Nombre geográfico Cádiz-
Subdivisión general Historia-
Subdivisión cronológica S.XIX.
9 (RLIN) 7918
710 2# - ENTRADA AGREGADA--NOMBRE DE ENTIDAD CORPORATIVA
Nombre de entidad corporativa o nombre de jurisdicción como elemento de entrada Universidad de Cádiz.
9 (RLIN) 171718
710 2# - ENTRADA AGREGADA--NOMBRE DE ENTIDAD CORPORATIVA
Nombre de entidad corporativa o nombre de jurisdicción como elemento de entrada Centro de Estudios Constitucionales (España)
9 (RLIN) 2618
852 ## - LOCALIZACIÓN
Ubicación ES-MaACL
Número de control de estantería A-11262
itemnumber 185316
Sublocalización o colección R.145621
Ubicación en estantería Depósito 1
Signatura antigua Olim: N-4266
942 ## - ELEMENTOS DE ENTRADA SECUNDARIOS (KOHA)
Fuente del sistema de clasificación o colocación Clasificación decimal universal
Holdings
Estatus retirado Estado de pérdida Fuente del sistema de clasificación o colocación Estado de daño No para préstamo Biblioteca de origen Biblioteca actual Ubicación en estantería Fecha de adquisición Fuente de adquisición Total de préstamos Signatura topográfica completa Código de barras Visto por última vez Precio de reemplazo Tipo de ítem Koha
    Clasificación decimal universal     Biblioteca del Ateneo de Madrid Biblioteca del Ateneo de Madrid Sala Pecera Depósito 1 30/05/2011 Compra   A-11262 1187457 23/02/2023 23/02/2023 Libro impreso